000 00867cam a2200253 a 4500
001 4909535
005 20180111081711.0
008 950207s1994 miua b 100 0 eng
010 _a 94073062
020 _a092935558X
040 _aDLC
_cDLC
_dDLC
041 _aeng
043 _an-us---
080 _a628.74 COL
082 0 0 _a628.74 COL
_220
100 _a9
101 _aMJE
245 1 0 _aOn-site wastewater treatment :
_cedited by Eldridge Collins.
504 _aIncludes bibliographical references.
740 0 _aOn-site waste water treatment.
906 _a7
_bcbc
_corignew
_d2
_eopcn
_f19
_gy-gencatlg
942 _2ddc
_cBK
999 _c40128
_d40128